Flexibilidad Global, sinécdoque de progreso (Record no. 170937)
[ view plain ]
| 000 -CABECERA | |
|---|---|
| campo de control de longitud fija | 01881nab a2200301 a 4500 |
| 005 - FECHA Y HORA DE LA ÚLTIMA TRANSACCIÓN | |
| campo de control | 20210219162148.0 |
| 008 - ELEMENTOS DE LONGITUD FIJA--INFORMACIÓN GENERAL | |
| campo de control de longitud fija | 991125s1985 mx 000 0 spa u |
| 035 ## - NÚMERO DE CONTROL DEL SISTEMA | |
| Número de control de sistema | UPN01000198836 |
| 049 ## - COLECCIÓN | |
| Colección | ART-E |
| 100 1# - ASIENTO PRINCIPAL--NOMBRE PERSONAL | |
| Nombre de persona | Selva Olid, Clara |
| 100 1# - ASIENTO PRINCIPAL--NOMBRE PERSONAL | |
| Filiación | clara.selva@uab.cat |
| 100 1# - ASIENTO PRINCIPAL--NOMBRE PERSONAL | |
| Nombre de persona | Tresserra Tuesta, Oscar |
| 222 ## - TÍTULO CLAVE | |
| Título clave | ATHENEA DIGITAL: REVISTA DE PENSAMIENTO E INVESTIGACION SOCIAL |
| 245 ## - MENCIÓN DE TÍTULO | |
| Título | Flexibilidad Global, sinécdoque de progreso |
| 260 ## - PUBLICACIÓN, DISTRIBUCIÓN, ETC. | |
| Lugar de publicación, distribución, etc. | España |
| 300 ## - DESCRIPCIÓN FÍSICA | |
| Extensión | 197-202 |
| 362 0# - FECHAS DE PUBLICACIÓN Y/O DESIGNACIÓN SECUENCIAL | |
| Fecha de publicación y/o designación secuencial | 2014 Vol. 14, no. 2 |
| 336 ## - TIPO DE CONTENIDO | |
| Término de tipo de contenido | texto$2rdacontent |
| 337 ## - TIPO DE MEDIO | |
| Nombre/término del tipo de medio | computadora$2rdamedia |
| 338 ## - TIPO DE SOPORTE | |
| Nombre/término del tipo de soporte | recurso en linea$2rdacarrier |
| 520 3# - NOTA DE RESUMEN, ETC. | |
| Sumario, etc. | El objetivo de este artículo es recorrer la flexibilidad, sus usos, tipologías y nuevas concepciones para pasar a abordar y empoderar la flexibilidad global como una herramienta integral para facilitar el cambio, adaptarse al medio de un modo ventajoso e innovar. En épocas de cambio económico, social, tecnológico y global, como las actuales, se reclama a colaboradoras y organizaciones cada vez mayor polivalencia y versatilidad, en aras de avanzar hacia nuevos modelos organizativos y de dedicación. En este contexto y ante la necesidad de contar con un constructo que de forma amplia e inherente atienda e hilvane de forma transversal a los diferentes actores de la organización, sus estructuras y formas y la mediación entre ellas, emerge la flexibilidad global. A pesar del reto que supone proponer y permeabilizar un nuevo constructo, no es menor lo que éste facilita, ya que se presenta como una herramienta natural para empoderar el bienestar dentro de la vida organizativa y social. |
| 653 0# - TERMINO DE INDIZACION - NO CONTROLADO | |
| Término no controlado | ADAPTACION SOCIAL |
| 653 0# - TERMINO DE INDIZACION - NO CONTROLADO | |
| Término no controlado | FLEXIBILIDAD |
| 653 0# - TERMINO DE INDIZACION - NO CONTROLADO | |
| Término no controlado | VIDA SOCIAL |
| 856 4# - LOCALIZACIÓN Y ACCESO ELECTRÓNICOS | |
| Identificador Uniforme del Recurso | <a href="http://atheneadigital.net/article/view/v14-n2-selva/pdf">http://atheneadigital.net/article/view/v14-n2-selva/pdf</a> |
| 905 ## - TIPO DE MATERIAL | |
| Tipo de material | Articulo |
No items available.
